| 000 | 01601nam a2200217Ia 4500 | ||
|---|---|---|---|
| 003 | Ost | ||
| 005 | 20260416102401.0 | ||
| 008 | 260416s9999||||xx |||||||||||||| ||und|| | ||
| 040 | _cfsecg | ||
| 041 | _aara | ||
| 082 | _a346.02 | ||
| 100 |
_a كامل،ايمن عليوة _eمؤلف |
||
| 245 | 0 |
_aمحاضرات في مقياس قانون الصفقات العمومية : _bمطبوعة موجهة لطلبة السنة الأولى ماستر قسم العلوم المالية والمحاسبة تخصص محاسبة ومحاسبة وتدقيق / _cايمن عليوة كامل |
|
| 260 |
_aالجزائر _bجامعة الجزائر3: كلية العلوم الإقتصادية، العلوم التجارية وعلوم التسيير _c2023 |
||
| 300 |
_a101 ورقة _bايضاحات _c12 سم |
||
| 504 | _aمراجع ص90 | ||
| 520 | _aالاطار النظري لقانون الصفقات العمومية و تفويضات المرفق العام ، معايير تطبيق قانون الصفقات العمومية، أنواع الصفقات العمومية،طرق ابرام الصفقات العمومية، المبادئ الحاكمة لابرام الصفقات العمومية، إجراءات ابرام الصفقات العمومية ’ الرقابة على الصفقات العمومية،تنفيذ الصفقات العمومية. | ||
| 653 | _aالعقود الإدارية | ||
| 710 |
_aجامعة الجزائر3: كلية العلوم الإقتصادية، العلوم التجارية وعلوم التسيير _eناشر علمي |
||
| 942 | _cHANDOUT | ||
| 999 |
_c41422 _d41422 |
||